Statistiche per Top 10 Città più popolose Provincia di Sondrio

Clicka qui per fare il quiz!

Statistiche generali

  • Questo quiz è stato fatto 12 volte
  • Il punteggio medio è 7 su 10

Statistiche sulle risposte

Popolazione 8ab.)Città% Corretto
21 642Sondrio
100%
9 073Tirano
100%
7 297Chiavenna
91%
5 976Livigno
91%
11 786Morbegno
91%
4 619Grosio
64%
5 400Cosio Valtellino
45%
4 768Talamona
45%
4 654Teglio
45%
4 308Berbenno di Valtellina
27%

Distribuzione punteggi

Percentile per numero di risposta

Percentuale di utenti per punteggio

I tuoi punteggi nel tempo

Non hai fatto questo quiz